000 00687cam a2200241 i 4500
001 1807865
005 20180302041438.0
008 800207s1980 nyu b 001 0 eng
010 _a 79005199
020 _a0465083412 :
_c$18.50
040 _aDLC
_cDLC
_dDLC
041 _aeng
043 _an-us---
080 _a306.890973 WAL
082 0 0 _a306.890973 WAL
100 1 _a50
101 _aSOC
245 1 0 _aSurviving the breakup :
_cJudith S. Wallerstein and Joan Berlin Kelly.
504 _aBibliography: p. [335]-336.
504 _aIncludes index.
906 _a7
_bcbc
_corignew
_d1
_eocip
_f19
_gy-gencatlg
942 _2ddc
_cBK
999 _c43959
_d43959